000 00831nam a2200205 a 4500
001 78216
003 BD-RjUL
005 20211209083114.0
008 210817s19001317le ||||| |||| 00| 0 a d
035 _a(BD-RjUL)78442
040 _aBD-RjUL
_beng
_cBD-RjUL
041 _aara
082 _223
_a016.89270922
_bIBN 1900 [1317]
100 _aIbn al-Nadim, Muhammad ibn Ishaq ibn Muhammad ;; ابن النديم، محمد بن إسحاق بن محمد
_d (ت. 438 هـ
_9247023
245 _aalfahrisat liabn alnadim ;; /الفهرست لابن النديم
_c محمد بن إسحاق بن محمدابن النديم،;; Muhammad ibn Ishaq ibn Muhammad ibn al-Nadim,
260 _aبيروت :
_b مكتبة خياط،
_c1900 [1317
300 _a///////////'
_c24 cm
650 _aIndex
_vArabic writers
_9247024
942 _2ddc
_cREF
999 _c78216
_d78216